[Event "WYCC 2018 O18"]
[Site "Halkidiki"]
[Date "2018.10.29"]
[Round "10"]
[White "Liska, Jiri"]
[Black "Martinez Fernandez, Adrian"]
[Result "1-0"]
[WhiteElo "2245"]
[BlackElo "2277"]
[Annotator "NA"]
[PlyCount "139"]
[EventDate "2018.10.20"]
[EventType "swiss"]
[EventCountry "GRE"]
[SourceTitle "playchess.com"]
[Source "ChessBase"]
[SourceQuality "1"]
[TimeControl "40/5400+30:1800+30"]

1. d4 {[%emt 0:00:00]} d5 {[%emt 0:00:20]} 2. Nf3 {[%emt 0:00:00]} Nf6 {[%emt 0:00:06]} 3. c4 {[%emt 0:00:03]} dxc4 {[%emt 0:00:04]} 4. Qa4+ {[%emt 0:00:37]} Nc6 {[%emt 0:02:18]} 5. e3 {[%emt 0:02:28]} Nd7 {[%emt 0:16:03]} 6. Bxc4 {[%emt 0:17:08]} Nb6 {[%emt 0:01:25]} 7. Qb3 {[%emt 0:00:35]} Nxc4 {[%emt 0:00:11]} 8. Qxc4 {[%emt 0:00:02]} e6 {[%emt 0:05:22]} 9. O-O {[%emt 0:00:58]} Bd6 {[%emt 0:06:06]} 10. e4 {[%emt 0:03:00]} h6 {[%emt 0:00:46]} 11. d5 {[%emt 0:08:53]} exd5 {[%emt 0:01:06]} 12. exd5 {[%emt 0:00:14]} Ne7 {[%emt 0:00:41]} 13. Nc3 {[%emt 0:10:42]} O-O {[%emt 0:04:35]} 14. b3 {[%emt 0:01:38]} a6 {[%emt 0:05:36]} 15. Bb2 $15 {[%emt 0:10:29]} b5 {[%emt 0:03:32]} 16. Qd4 {[%emt 0:05:06]} Nf5 {[%emt 0:00:48]} 17. Qd2 {[%emt 0:01:59]} Bb7 {[%emt 0:07:26]} 18. Rad1 {[%emt 0:04:06]} Re8 {[%emt 0:03:01]} 19. h3 {[%emt 0:04:17]} b4 {[%emt 0:07:10]} 20. Ne2 {[%emt 0:12:53]} Bxd5 {[%emt 0:11:34]} 21. Qxd5 {[%emt 0:00:26]} Rxe2 {[%emt 0:00:02]} 22. Ne5 {[%emt 0:01:04]} Qf8 {[%emt 0:06:09]} 23. Nxf7 {[%emt 0:03:52]} Qxf7 {[%emt 0:04:52]} 24. Qxa8+ {[%emt 0:00:03]} Kh7 {[%emt 0:00:01]} 25. Qf3 {[%emt 0:05:44]} Rxb2 {[%emt 0:02:06]} 26. g4 {[%emt 0:00:13]} Rxa2 {[%emt 0:01:49]} 27. Rd5 {[%emt 0:01:18]} Rb2 {[%emt 0:04:08]} 28. Rfd1 {[%emt 0:02:54]} Qe6 {[%emt 0:01:06]} 29. gxf5 {[%emt 0:00:23]} Qf6 {[%emt 0:00:33]} 30. R1d3 {[%emt 0:01:07]} Rc2 {[%emt 0:02:27]} 31. Qg4 {[%emt 0:01:39]} Bc5 {[%emt 0:01:52]} 32. Qg6+ {[%emt 0:01:07]} Qxg6+ {[%emt 0:00:02]} 33. fxg6+ {[%emt 0:00:01]} Kxg6 {[%emt 0:00:01]} 34. Rd2 {[%emt 0:00:26]} Rc3 {[%emt 0:01:06]} 35. Kg2 {[%emt 0:00:26]} Bd6 {[%emt 0:00:34]} 36. R2d3 {[%emt 0:00:33]} Kf6 {[%emt 0:01:25]} 37. Rf3+ {[%emt 0:00:50]} Ke6 {[%emt 0:00:33]} 38. Ra5 {[%emt 0:00:21]} Rc6 {[%emt 0:01:04]} 39. Rd3 {[%emt 0:00:59]} Rb6 {[%emt 0:00:41]} 40. Kf3 {[%emt 0:00:00]} Kd7 {[%emt 0:00:00]} 41. Ke4 {[%emt 0:05:58]} Kc6 {[%emt 0:02:24]} 42. f4 {[%emt 0:01:02]} Kb7 {[%emt 0:00:34]} 43. h4 {[%emt 0:07:38]} Be7 {[%emt 0:04:32]} 44. Rd7 {[%emt 0:02:25]} Bf6 {[%emt 0:02:01]} 45. Rc5 {[%emt 0:00:43]} Rc6 {[%emt 0:04:05]} 46. Kd5 {[%emt 0:01:30]} Rd6+ {[%emt 0:03:34]} 47. Rxd6 {[%emt 0:00:07]} cxd6 {[%emt 0:00:01]} 48. Kxd6 {[%emt 0:01:32]} Kb6 {[%emt 0:00:01]} 49. Rc6+ {[%emt 0:00:52]} Kb5 {[%emt 0:00:14]} 50. h5 {[%emt 0:01:14]} a5 {[%emt 0:00:31]} 51. Rc8 {[%emt 0:00:20]} Bd4 {[%emt 0:01:59]} 52. Kd5 {[%emt 0:00:39]} Be3 {[%emt 0:00:30]} 53. f5 {[%emt 0:00:31]} Bg5 {[%emt 0:01:32]} 54. Rb8+ {[%emt 0:00:20]} Ka6 {[%emt 0:00:01]} 55. Kc6 {[%emt 0:00:20]} Be3 {[%emt 0:00:11]} 56. Kd5 {[%emt 0:01:21]} Bd2 {[%emt 0:00:20]} 57. Kc4 {[%emt 0:00:26]} Bf4 {[%emt 0:00:26]} 58. Re8 {[%emt 0:00:22]} Bg5 {[%emt 0:00:35]} 59. Re6+ {[%emt 0:00:22]} Kb7 {[%emt 0:00:03]} 60. Kb5 {[%emt 0:00:10]} Bd8 {[%emt 0:00:56]} 61. Rg6 {[%emt 0:00:55]} Bf6 {[%emt 0:00:06]} 62. Rxf6 {[%emt 0:01:06]} gxf6 {[%emt 0:00:02]} 63. Kxa5 {[%emt 0:00:08]} Kc6 {[%emt 0:00:05]} 64. Kxb4 {[%emt 0:00:06]} Kd5 {[%emt 0:00:18]} 65. Ka5 {[%emt 0:00:26]} Ke5 {[%emt 0:00:04]} 66. b4 {[%emt 0:00:22]} Kxf5 {[%emt 0:00:02]} 67. b5 {[%emt 0:00:19]} Ke6 {[%emt 0:00:10]} 68. b6 {[%emt 0:00:36]} Kd7 {[%emt 0:00:06]} 69. Ka6 {[%emt 0:00:04]} Kc8 {[%emt 0:00:05]} 70. Ka7 {[%emt 0:00:05]} 1-0

[Event "WYCC 2018 O18"]
[Site "Halkidiki"]
[Date "2018.10.29"]
[Round "10"]
[White "Bratkovic, Jakob"]
[Black "Brewer, Callum D"]
[Result "0-1"]
[WhiteElo "2242"]
[BlackElo "2056"]
[Annotator "NA"]
[PlyCount "56"]
[EventDate "2018.10.20"]
[EventType "swiss"]
[EventCountry "GRE"]
[SourceTitle "playchess.com"]
[Source "ChessBase"]
[SourceQuality "1"]
[TimeControl "40/5400+30:1800+30"]

1. e4 {[%emt 0:02:36]} c5 {[%emt 0:00:00]} 2. Nf3 {[%emt 0:00:06]} Nc6 {[%emt 0:00:00]} 3. c3 {[%emt 0:00:15]} Nf6 {[%emt 0:01:11]} 4. e5 {[%emt 0:00:16]} Nd5 {[%emt 0:00:02]} 5. d4 {[%emt 0:00:16]} cxd4 {[%emt 0:00:47]} 6. cxd4 {[%emt 0:00:06]} d6 {[%emt 0:00:21]} 7. Bc4 {[%emt 0:01:40]} Nb6 {[%emt 0:09:56]} 8. Bd3 {[%emt 0:12:42]} Bg4 {[%emt 0:16:05] LiveBook: 5 Games} 9. Be3 {[%emt 0:03:15]} dxe5 {[%emt 0:08:48]} 10. dxe5 {[%emt 0:00:40]} Bxf3 {[%emt 0:03:16]} 11. gxf3 {[%emt 0:00:17]} Nxe5 {[%emt 0:04:19]} 12. Bb5+ {[%emt 0:06:37]} Nc6 {[%emt 0:00:29]} 13. Nc3 {[%emt 0:01:04]} e6 {[%emt 0:06:28]} 14. Qb3 {[%emt 0:11:54]} Be7 $17 {[%emt 0:07:24]} 15. Rd1 {[%emt 0:18:54]} Qc7 {[%emt 0:00:22]} 16. Be2 {[%emt 0:00:23]} Bb4 {[%emt 0:09:36]} 17. O-O {[%emt 0:02:47]} Bxc3 {[%emt 0:02:02]} 18. bxc3 {[%emt 0:01:23]} O-O {[%emt 0:03:39]} 19. Rb1 {[%emt 0:00:59]} Nd5 {[%emt 0:02:34]} 20. Qxb7 {[%emt 0:02:17]} Qxb7 {[%emt 0:02:17]} 21. Rxb7 {[%emt 0:00:05]} Nxc3 {[%emt 0:00:15]} 22. Bb5 {[%emt 0:02:03]} Nd8 {[%emt 0:01:24]} 23. Rc1 {[%emt 0:02:40]} Nxa2 {[%emt 0:00:36]} 24. Rxa7 {[%emt 0:00:48]} Rxa7 {[%emt 0:00:40]} 25. Ra1 {[%emt 0:00:03]} Rb7 {[%emt 0:01:27]} 26. Ba6 {[%emt 0:00:24]} Rb2 {[%emt 0:04:44]} 27. Bc4 {[%emt 0:02:07]} Nc3 {[%emt 0:00:48]} 28. Bc5 {[%emt 0:00:03]} Rb1+ {[%emt 0:00:46]} 0-1

[Event "WYCC 2018 O18"]
[Site "Halkidiki"]
[Date "2018.10.29"]
[Round "10"]
[White "Alexakis, Dimitris"]
[Black "Zhu, Brandon"]
[Result "1-0"]
[WhiteElo "2186"]
[BlackElo "1914"]
[Annotator "TA"]
[PlyCount "133"]
[EventDate "2018.10.20"]
[EventType "swiss"]
[EventCountry "GRE"]
[SourceTitle "playchess.com"]
[Source "ChessBase"]
[SourceQuality "1"]

{[%evp 25,133,61,84,74,86,56,72,62,81,65,77,83,77,62,74,74,80,73,116,101,99,102,114,102,85,86,94,117,137,128,127,112,108,97,212,210,246,109,92,99,101,0,89,29,117,112,122,99,145,148,145,112,209,105,233,66,90,99,111,100,95,102,110,108,112,91,85,56,71,10,220,220,224,214,214,214,214,214,258,208,633,649,635,235,732,723,716,739,703,696,695,686,745,668,653,635,750,734,899,725,29955,29956,29956,11362,29965,29967,29969,29967,29989,29990]} 1. e4 c5 2. Nf3 g6 3. c4 Bg7 4. d4 cxd4 5. Nxd4 Nc6 6. Be3 Nf6 7. Nc3 O-O 8. Be2 d6 9. O-O Bd7 10. f3 Nxd4 11. Bxd4 Bc6 12. b4 b6 13. Qd2 Nd7 {LiveBook: 5 Partien. B38: Sizilianisch (Maroczy-Aufbau)} (13... Qb8 14. Rab1 Rd8 15. Nd5 Nxd5 16. cxd5 Bxd4+ 17. Qxd4 Bd7 18. a4 Qb7 19. Bb5 Rdc8 20. Rfc1 a6 21. Bxd7 Qxd7 22. Qxb6 Qxa4 {½-½ (51) Ivanisevic,I (2665)-Milanovic,D (2480) Skopje 2016}) 14. Bxg7 Kxg7 15. Nd5 Rc8 {Weiß steht etwas besser.} 16. Rac1 Bb7 17. a3 $146 ({Vorgänger:} 17. f4 Nf6 18. Bd3 Qd7 19. f5 e6 20. e5 Ng8 21. Nf6 {0-1 (33) Lianeris,A (1363)-Liakos,C (1337) Porto Rio 2015}) 17... Re8 18. Rfd1 Kg8 19. Qb2 Rb8 20. Ne3 h5 21. Nd5 Qc8 22. Qd2 Kg7 23. Qd4+ Kh7 24. Rf1 Qd8 25. Qe3 e6 26. Nc3 $1 d5 27. cxd5 exd5 28. Bb5 Re7 29. Rfd1 Nf8 (29... dxe4 $16 30. Nxe4 Bxe4 31. fxe4 a6 32. Bxa6 Qf8) 30. Qf2 $18 Rc8 31. Nxd5 (31. exd5 $18 {ist der präzise Gewinnweg. Und weiter mit Lc6 wäre nett.} a6 32. Bc6 $1 {[%mdl 512]}) 31... Rxc1 $16 32. Rxc1 Bxd5 33. Rd1 {[#]} (33. exd5 $6 Qxd5 34. Bc4 Qd6 $11) ({Besser ist} 33. Qd2 $16) 33... Ne6 (33... Rd7 $1 $11 {bleibt in der Remisbreite.} 34. Bxd7 (34. Rxd5 Rxd5 35. exd5 Qxd5 $15) 34... Bc6) 34. Rxd5 (34. exd5 $16 {Und Dc2 würde nun gewinnen.} Nc7 35. Bc6) 34... Qc7 (34... Qc8 $11 {hält das Gleichgewicht.}) 35. Qd2 h4 36. Bf1 Nf4 37. Rd6 Nh5 38. Rd8 f6 (38... Qf4 $16 39. Qc3 Nf6) 39. Rd3 (39. Rd6 $18) 39... g5 (39... Qe5 $16 {ist wohl besser.} 40. Rd5 Qa1) 40. Rc3 $2 (40. Rd6 $18) 40... Qe5 $14 41. Rc4 Nf4 42. Qd4 Qe6 43. Qc3 $36 {[%mdl 2048] Weiss ist am Drücker.} Rd7 44. Rc7 Kg6 45. Rxd7 Qxd7 46. e5 Qd1 {[#] ( -> ...Se2+)} 47. Kf2 ({Günstiger ist} 47. Qe3 $1 $16) 47... f5 $2 {[#]} (47... Qd5 $1 $11 {und Schwarz muss sich keine Sorgen machen.}) 48. g3 $1 $18 {[%cal Rg3f4]} hxg3+ 49. hxg3 Ne6 50. Qd3 Qa1 51. Qd6 Qa2+ 52. Kg1 Qb3 $2 (52... g4 53. f4 Qb3) 53. Bd3 Qd1+ 54. Kg2 Qd2+ $2 (54... Kf7 55. Bb5 (55. Bxf5 Nf4+ 56. gxf4 Qe2+ 57. Kg1 Qe1+ 58. Kg2 Qe2+ 59. Kg1 Qe1+ 60. Kg2 Qe2+ $11) (55. Qd7+ Kf8 $16) 55... Qxd6 56. exd6 Kf6) 55. Kh3 g4+ 56. fxg4 Qh6+ 57. Kg2 Qd2+ 58. Kf1 Kg5 59. Be2 ({Und nicht} 59. Qxe6 Qxd3+ 60. Kf2 Qc2+ 61. Kf1 Qd1+ 62. Kf2 Qd2+ 63. Kf3 Qd3+ 64. Kf2 Qd2+ 65. Kf3 Qd3+ 66. Kf2 $11) 59... Qxd6 60. exd6 {[%cal Be5d6,Bd6d7][%mdl 32]} fxg4 {[%mdl 4096] Endspiel KL-KS} 61. Kf2 a5 62. Ke3 axb4 63. axb4 Kf5 64. d7 Nd8 65. Kd4 {Weiß setzt Matt.} Nc6+ 66. Kd5 Nxb4+ 67. Kd6 {Precision: Weiß = 59%, Schwarz = 31%.} 1-0

[Event "WYCC 2018 O18"]
[Site "Halkidiki"]
[Date "2018.10.29"]
[Round "10"]
[White "Rengifo Blancas, Renzo Jhonathan"]
[Black "Roshka, Yevgeniy"]
[Result "1/2-1/2"]
[WhiteElo "2123"]
[BlackElo "2328"]
[Annotator "TA"]
[PlyCount "146"]
[EventDate "2018.10.20"]
[EventType "swiss"]
[EventCountry "GRE"]
[SourceTitle "playchess.com"]
[Source "ChessBase"]
[SourceQuality "1"]

{[%evp 23,146,0,0,0,0,0,0,-7,-11,-12,0,-12,-6,-36,-18,-18,-7,-5,-7,-8,-4,-14,0,-15,-19,-58,-59,-50,-43,-50,-23,-56,-40,-50,-39,-31,-35,-43,-16,-18,-22,-17,-8,-15,-20,-16,0,0,0,0,0,0,0,0,0,0,0,0,0,0,0,0,15,14,8,0,0,0,0,0,0,0,0,0,0,0,0,0,264,15,59,59,59,61,83,0,0,0,0,0,0,0,0,0,0,0,0,0,0,0,0,0,0,0,0,0,0,0,0,0,0,0,0,0,0,0,0,0,0,0,0,0,0,0,0]} 1. e4 {[%cal Be2e4,Be4e5][%mdl 32]} c5 2. c3 Nf6 3. e5 Nd5 4. d4 Nc6 5. Nf3 cxd4 6. cxd4 d6 7. Bc4 dxe5 8. Nxe5 e6 9. O-O Bd6 10. Nf3 O-O 11. Nc3 Nxc3 12. bxc3 e5 {LiveBook: 3 Games. B22: Sicilian: 2 c3} (12... Ne7 13. Bd3 Ng6 14. Qe2 b6 15. Be4 Rb8 16. h4 h6 17. h5 Ne7 18. Ne5 Bb7 19. Bc2 Bxe5 20. dxe5 {1-0 (39) Fressinet,L (2636)-Avrukh,B (2620) playchess.com INT 2004}) 13. dxe5 Nxe5 14. Nxe5 Bxe5 15. Qxd8 Rxd8 16. Bg5 Rf8 $146 ({Predecessor:} 16... Bf6 17. Bxf6 gxf6 18. Rfe1 Kf8 19. Re3 Bg4 20. h3 Bh5 21. Rae1 Rac8 22. Bb3 Rc7 23. f4 Bg6 24. Kf2 Bd3 25. Rc1 {½-½ (25) Vavra,P (2350)-Pacl,V (2300) Czechia 1993}) 17. Rad1 h6 18. Bc1 Bf5 19. Bd5 Rab8 20. c4 Rfd8 21. Be3 b6 22. h3 Rbc8 23. Rfe1 Bc3 24. Rf1 Kf8 25. Bd4 Bxd4 26. Rxd4 Re8 27. Rd2 Rc5 28. Rfd1 Bc8 29. Rd3 Re2 30. Rf3 f6 31. Ra3 Rc7 32. Kf1 Rb2 33. Re1 Bf5 34. Re2 Rxe2 (34... Rb1+ {is more complex.} 35. Re1 Rxe1+ 36. Kxe1 Ke7 37. Re3+ Kd6) 35. Kxe2 $11 {[%mdl 4096] Endgame KRB-KRB} Ke7 36. Ke3 Kd6 37. Kd4 Re7 38. Bf3 Bc8 39. h4 g5 40. hxg5 fxg5 41. Be4 Rf7 42. f3 Re7 43. g4 Rf7 44. Ra4 Rc7 45. Bd5 Be6 46. Bxe6 Kxe6 {KR-KR} 47. Ra6 Kd7 48. c5 bxc5+ 49. Kc4 Rc6 50. Rxa7+ Ke6 $2 {[%mdl 8192]} (50... Kd6 $1 $11 {and Black has nothing to worry.}) 51. Ra5 $2 (51. a4 $18) 51... Kd6 52. a4 Rc8 53. Ra6+ Ke5 $1 54. Rxh6 (54. a5 $16 Rf8 55. Rb6 (55. Kxc5 Kf4 $16) (55. Rxh6 Rxf3 56. Kxc5 Ra3 $16)) 54... Ra8 {The position is equal.} 55. Kb5 {[#] Rc6 is the strong threat.} Kd4 56. Rd6+ Ke3 57. Rf6 Kd4 58. a5 {Strongly threatening Rd6+.} c4 {Threatens to win with ...Rc8.} 59. Rd6+ Ke3 60. Rc6 Kd3 61. Rd6+ Ke3 {[#] White must now prevent ...Rc8.} 62. Rc6 Kd3 63. Rd6+ Ke3 {aiming for ...Rc8.} 64. Rc6 Kd3 65. a6 c3 66. Kb6 {And now Kb7 would win.} c2 67. Kb7 Rf8 68. a7 Kd2 69. Rd6+ Ke2 70. Rc6 Kd2 71. Rd6+ Ke2 72. Rc6 Kd2 73. Rd6+ Ke2 {Precision: White = 71%, Black = 68%.} 1/2-1/2

[Event "WYCC 2018 O18"]
[Site "Halkidiki"]
[Date "2018.10.29"]
[Round "10"]
[White "Dallemagne, Maximilien"]
[Black "Galiana Fernandez, Adrian"]
[Result "0-1"]
[WhiteElo "2094"]
[BlackElo "2261"]
[Annotator "NA"]
[PlyCount "72"]
[EventDate "2018.10.20"]
[EventType "swiss"]
[EventCountry "GRE"]
[SourceTitle "playchess.com"]
[Source "ChessBase"]
[SourceQuality "1"]
[TimeControl "40/5400+30:1800+30"]

1. d4 {[%emt 0:00:00]} Nf6 {[%emt 0:00:00]} 2. Nf3 {[%emt 0:00:00]} g6 {[%emt 0:00:00]} 3. Bg5 {[%emt 0:00:36]} Bg7 {[%emt 0:00:00]} 4. Nbd2 {[%emt 0:00:19]} O-O {[%emt 0:00:20]} 5. e3 {[%emt 0:07:15]} d6 {[%emt 0:05:32]} 6. Bd3 {[%emt 0:02:20]} Qe8 {[%emt 0:03:39]} 7. h3 {[%emt 0:08:40]} e5 {[%emt 0:00:58]} 8. c3 {[%emt 0:04:34]} h6 {[%emt 0:06:53]} 9. Bxf6 {[%emt 0:03:08]} Bxf6 {[%emt 0:07:23]} 10. Qc2 {[%emt 0:02:14]} exd4 {[%emt 0:15:03]} 11. Nxd4 {[%emt 0:05:43]} d5 {[%emt 0:02:59]} 12. N4b3 {[%emt 0:12:44]} Nd7 {[%emt 0:04:20]} 13. O-O $11 {[%emt 0:05:29]} Ne5 {[%emt 0:08:50]} 14. Be2 {[%emt 0:01:56]} Bg7 {[%emt 0:03:04]} 15. e4 {[%emt 0:03:43]} dxe4 {[%emt 0:01:15]} 16. Nxe4 {[%emt 0:00:22]} Qe7 {[%emt 0:00:45]} 17. Rfe1 {[%emt 0:02:22]} Qh4 {[%emt 0:05:59]} 18. Ng3 {[%emt 0:02:47]} Bd7 {[%emt 0:01:55]} 19. Nd4 {[%emt 0:01:11]} Rad8 {[%emt 0:05:04]} 20. Nf3 {[%emt 0:00:46]} Nxf3+ {[%emt 0:04:02]} 21. Bxf3 {[%emt 0:00:53]} Bc8 {[%emt 0:00:44]} 22. Re2 {[%emt 0:10:02]} Rfe8 {[%emt 0:01:02]} 23. Rae1 {[%emt 0:00:15]} Rxe2 {[%emt 0:00:12]} 24. Rxe2 {[%emt 0:00:16]} h5 {[%emt 0:00:35]} 25. Qb3 {[%emt 0:04:27]} c6 {[%emt 0:00:21]} 26. Qa3 {[%emt 0:01:52]} a6 {[%emt 0:01:02]} 27. Qa5 {[%emt 0:04:25]} Rd1+ {[%emt 0:01:26]} 28. Kh2 {[%emt 0:00:39]} Qd8 {[%emt 0:00:19]} 29. Qc5 {[%emt 0:02:23]} h4 {[%emt 0:08:51]} 30. Ne4 {[%emt 0:01:53]} Rd5 {[%emt 0:00:56]} 31. Qe3 {[%emt 0:05:18]} Be5+ {[%emt 0:02:27]} 32. Kg1 {[%emt 0:01:45]} Rd3 {[%emt 0:06:56]} 33. Rd2 {[%emt 0:00:06]} Rxd2 {[%emt 0:00:49]} 34. Nxd2 {[%emt 0:00:37]} Bc7 {[%emt 0:00:16]} 35. Qh6 {[%emt 0:02:23]} Bf5 {[%emt 0:00:51]} 36. Nc4 {[%emt 0:01:12]} Qd3 {[%emt 0:00:30]} 0-1

[Event "WYCC 2018 O18"]
[Site "Halkidiki"]
[Date "2018.10.29"]
[Round "10"]
[White "Olimjonov, Sarvarbek"]
[Black "Szabo, Marton Mihaly"]
[Result "0-1"]
[WhiteElo "2074"]
[BlackElo "2307"]
[Annotator "NA"]
[PlyCount "108"]
[EventDate "2018.10.20"]
[EventType "swiss"]
[EventCountry "GRE"]
[SourceTitle "playchess.com"]
[Source "ChessBase"]
[SourceQuality "1"]
[TimeControl "40/5400+30:1800+30"]

1. e4 {[%emt 0:00:35]} c5 {[%emt 0:00:00]} 2. Nf3 {[%emt 0:00:12]} a6 {[%emt 0:00:18]} 3. d4 {[%emt 0:00:38]} cxd4 {[%emt 0:00:10]} 4. Nxd4 {[%emt 0:00:11]} Nf6 {[%emt 0:00:16]} 5. Bd3 {[%emt 0:02:15]} e5 {[%emt 0:00:25]} 6. Nb3 {[%emt 0:04:19]} Be7 {[%emt 0:01:47]} 7. O-O {[%emt 0:02:14]} O-O {[%emt 0:00:21]} 8. c4 {[%emt 0:01:08]} d6 {[%emt 0:00:11]} 9. Nc3 {[%emt 0:01:15] B28: Sicilian: 2 Nf3 a6 (O'Kelly Variation)} Be6 {[%emt 0:00:35]} 10. Qe2 {[%emt 0:02:50]} Nc6 {[%emt 0:01:30]} (10... b5 11. Nd5 bxc4 12. Nxe7+ Qxe7 13. Bxc4 Bxc4 14. Qxc4 Qb7 15. Re1 Rc8 16. Qe2 h6 {0-1 (47) Richterova,N (2146)-Biriukov,N (2398) Pardubice 2018}) 11. Nd5 {[%emt 0:04:19]} Rc8 $146 {[%emt 0:03:59]} ({Predecessor:} 11... Nd7 12. f4 Bxd5 13. cxd5 Nb4 {½-½ (42) Toth,T (1992)-Adorjan,B Hungary 2004}) 12. Be3 {[%emt 0:01:09]} Nd7 {[%emt 0:08:14]} 13. Rac1 {[%emt 0:05:31]} Bg5 {[%emt 0:03:52]} 14. f4 {[%emt 0:09:14]} exf4 {[%emt 0:01:14]} 15. Nxf4 {[%emt 0:01:05]} Bxf4 {[%emt 0:01:52]} 16. Rxf4 {[%emt 0:01:04]} Nde5 {[%emt 0:02:56]} 17. Nd4 {[%emt 0:06:38]} Nxd3 {[%emt 0:01:37]} 18. Qxd3 {[%emt 0:03:51]} Ne5 {[%emt 0:00:58]} 19. Qb3 {[%emt 0:01:01]} Bxc4 {[%emt 0:01:23]} ({Don't play} 19... Rxc4 $6 20. Nxe6 Rxc1+ 21. Bxc1 $11) 20. Qa3 {[%emt 0:07:32]} Be6 {[%emt 0:08:43]} 21. Nxe6 {[%emt 0:11:27]} Rxc1+ {[%emt 0:00:52]} 22. Bxc1 {[%emt 0:00:02]} fxe6 {[%emt 0:00:23]} 23. Qb3 {[%emt 0:03:14]} Qd7 {[%emt 0:04:34]} 24. Rxf8+ {[%emt 0:01:46]} Kxf8 {[%emt 0:00:08]} 25. Bf4 {[%emt 0:00:29]} Nf7 {[%emt 0:00:40]} 26. a4 {[%emt 0:01:23]} d5 {[%emt 0:01:26]} 27. exd5 {[%emt 0:04:16]} exd5 {[%emt 0:01:56]} 28. Be3 {[%emt 0:02:23]} Kg8 {[%emt 0:02:18]} 29. Bd4 {[%emt 0:03:17]} Nd8 {[%emt 0:01:00]} 30. Kf2 {[%emt 0:00:47]} Qf5+ {[%emt 0:06:19]} 31. Qf3 {[%emt 0:03:02]} Qxf3+ {[%emt 0:00:47]} 32. Kxf3 {[%emt 0:00:12]} Ne6 {[%emt 0:00:19]} 33. Ke3 {[%emt 0:00:05]} Kf7 {[%emt 0:00:42]} 34. Bb6 {[%emt 0:00:39]} Ke7 {[%emt 0:01:03]} 35. b4 {[%emt 0:00:59]} Kd6 {[%emt 0:00:54]} 36. Ba7 {[%emt 0:01:21]} Kc7 {[%emt 0:00:33]} 37. g3 {[%emt 0:02:05]} b6 {[%emt 0:00:49]} 38. a5 {[%emt 0:00:04]} bxa5 {[%emt 0:00:04]} 39. bxa5 {[%emt 0:00:05]} Kc6 {[%emt 0:00:21]} 40. Bb6 $19 {[%emt 0:00:00]} Kb5 {[%emt 0:00:00]} 41. Kd3 {[%emt 0:01:31]} Kb4 {[%emt 0:02:22]} 42. h4 {[%emt 0:00:39]} h5 {[%emt 0:00:15]} 43. Kc2 {[%emt 0:04:34]} Kc4 {[%emt 0:00:18]} 44. Kd2 {[%emt 0:01:11]} d4 {[%emt 0:00:47]} 45. Kc2 {[%emt 0:01:16]} Nc5 {[%emt 0:01:15]} 46. Bc7 {[%emt 0:00:31]} d3+ {[%emt 0:00:22]} 47. Kd1 {[%emt 0:01:19]} Ne4 {[%emt 0:00:15]} 48. Be5 {[%emt 0:00:27]} g6 {[%emt 0:00:39]} 49. Kc1 {[%emt 0:01:01]} Kd5 {[%emt 0:01:25]} 50. Bf4 {[%emt 0:00:16]} Ke6 {[%emt 0:00:35]} 51. Kd1 {[%emt 0:01:05]} Kf5 {[%emt 0:00:07]} 52. Ke1 {[%emt 0:00:22]} Kg4 {[%emt 0:00:05]} 53. Be5 {[%emt 0:00:28]} Kf3 {[%emt 0:00:33]} 54. Bc7 {[%emt 0:00:14]} d2+ {[%emt 0:00:27]} 0-1

[Event "WYCC 2018 O18"]
[Site "Halkidiki"]
[Date "2018.10.29"]
[Round "10"]
[White "Gonzalez Carrillo, Javier Omar"]
[Black "Petersson, Baldur Teodor"]
[Result "1-0"]
[WhiteElo "2031"]
[BlackElo "2195"]
[Annotator "NA"]
[PlyCount "43"]
[EventDate "2018.10.20"]
[EventType "swiss"]
[EventCountry "GRE"]
[SourceTitle "playchess.com"]
[Source "ChessBase"]
[SourceQuality "1"]
[TimeControl "40/5400+30:1800+30"]

1. e4 {[%emt 0:00:03]} c5 {[%emt 0:00:00]} 2. Nf3 {[%emt 0:00:06]} e6 {[%emt 0:00:00]} 3. b3 {[%emt 0:00:08]} b6 {[%emt 0:00:31]} 4. Bb2 {[%emt 0:00:13]} Bb7 {[%emt 0:00:07]} 5. Qe2 {[%emt 0:00:08]} Nf6 {[%emt 0:01:17]} 6. e5 {[%emt 0:01:14]} Nd5 {[%emt 0:00:24]} 7. g3 {[%emt 0:00:07]} Nc6 {[%emt 0:13:39]} 8. Bg2 {[%emt 0:00:08] LiveBook: 6 Games} Ndb4 {[%emt 0:18:35]} 9. Na3 {[%emt 0:00:55]} Nd4 {[%emt 0:01:43]} 10. Bxd4 {[%emt 0:03:14]} cxd4 {[%emt 0:01:15]} 11. O-O {[%emt 0:00:12]} Ba6 {[%emt 0:10:57]} 12. Nc4 {[%emt 0:09:25]} Nxc2 {[%emt 0:11:12]} 13. Rac1 {[%emt 0:00:45]} Nb4 {[%emt 0:03:32]} 14. Nxd4 $14 {[%emt 0:00:54]} Nxa2 {[%emt 0:01:48]} 15. Ra1 {[%emt 0:02:49]} Nb4 {[%emt 0:00:24]} 16. Bxa8 {[%emt 0:03:43]} Qxa8 {[%emt 0:00:07]} 17. Rfc1 {[%emt 0:18:57]} Qb7 {[%emt 0:13:01]} 18. Nc2 {[%emt 0:01:33]} Nc6 {[%emt 0:04:06]} 19. Rxa6 {[%emt 0:02:05]} b5 {[%emt 0:00:56]} 20. Rxc6 {[%emt 0:00:47]} Qxc6 {[%emt 0:00:18]} 21. N4e3 {[%emt 0:00:57]} a5 {[%emt 0:01:34]} 22. Ra1 {[%emt 0:03:21]} 1-0